| 000 -ლიდერი |
| ფიქსირებული სიგრძის საკონტროლო ველი |
01503nam a22002177a 4500 |
| 003 - საკონტროლო ნომრის იდენტიფიკატორი |
| საკონტროლო ველი |
Ge_BSU |
| 005 - ბოლო ოპერაციის თარიღი და დრო |
| საკონტროლო ველი |
20240326111615.0 |
| 008 - ფიქსირებული სიგრძის მონაცემთა ელემენტები - ზოგადი ინფორმაცია |
| ფიქსირებული სიგრძის საკონტროლო ველი |
240326s2012 ge ||||| |||| 00| 0 geo d |
| 022 ## - საერთაშორისო სტანდარტული სერიული ნომერი |
| International Standard Serial Number |
15120694 |
| 041 ## - ენის კოდი |
| Language code of text/sound track or separate title |
geo |
| 080 ## - უნივერსალური ათობითი კლასიფიკაციის ინდექსი |
| Universal Decimal Classification number |
008(09) კ-89 |
| 245 ## - ცნობა სათაურის შესახებ |
| Title |
კულტურის ისტორიისა და თეორიის საკითხები = Issues of History and Theory of Culture: |
| Remainder of title |
XXVII: აღმოსავლური კრებული / |
| Statement of responsibility, etc |
მთ. რედ. გ. ლორთქიფანიძე; ტომის რედ.მ. მშვილდაძე; |
| 264 ## - წარმოების, გამოცემის, დისტრიბუციის და სხვა ცნობები |
| გამოცემის, წარმოების, დისტრიბუციის... ადგილი |
თბილისი: |
| გამოცემის, წარმოების, დისტრიბუციის... სახელწოდება |
მწიგნობარი, |
| გამოცემის, წარმოების, დისტრიბუციის... თარიღი |
2012. |
| 300 ## - ფიზიკური აღწერა |
| Extent |
119 გვ.: |
| Other physical details |
ილ. |
| Dimensions |
19 სმ. |
| 546 ## - LANGUAGE NOTE |
| Language note |
რეზიუმე ინგლისურ ენაზე. |
| 653 ## - INDEX TERM--UNCONTROLLED |
| Uncontrolled term |
ივ. ჯავახიშვილის თბილისის სახელმწიფო უნივერსიტეტის ისრაელის ცენტრი. კულტურის ისტორია. |
| 700 ## - ADDED ENTRY--PERSONAL NAME |
| Personal name |
ლორთქიფანიძე, გ |
| Relator term |
მთავარი რედაქტორი |
| 9 (RLIN) |
1484 |
| 700 ## - ADDED ENTRY--PERSONAL NAME |
| Personal name |
მშვილდაძე, მ |
| Relator term |
ტომის რედაქტორი |
| 9 (RLIN) |
21586 |
| 710 ## - ADDED ENTRY--CORPORATE NAME |
| Corporate name or jurisdiction name as entry element |
ივ. ჯავახიშვილის თბილისის სახელმწიფო უნივერსიტეტის ისრაელის ცენტრი |
| 9 (RLIN) |
21587 |
| 942 ## - ADDED ENTRY ELEMENTS (KOHA) |
| Source of classification or shelving scheme |
|
| Koha item type |
წიგნი |